| 000 | 00535nam a22001577a 4500 | ||
|---|---|---|---|
| 999 |
_c534921 _d534921 |
||
| 020 | _qHard Cover. | ||
| 082 | _a620.005 | ||
| 100 | _aMUHAMMAD QASIM JAMAL. | ||
| 245 |
_aGUIDELINES FOR RISK ASSESSMENT THROUGH DIFFERENT STAGES OF MINE PLANNING / _cMUHAMMAD QASIM JAMAL. |
||
| 260 |
_aIslamabad : _bCEME - NUST, _c2013. |
||
| 300 |
_a140 p. : ill. ; _c30cm. |
||
| 942 |
_2ddc _cTHE |
||
| 650 |
_aMS Thesis Mechanical Engineering _925724 |
||
| 700 |
_aDr.SYED ATHAR MASOOD. _929301 |
||